00958nam a22002537a 450000500170000001000130001702000230003003500130005303700160006604000120008208200160009410000240011024500820013426000440021627000460026030000340030649000490034050000520038965000510044165000290049294200250052199900190054695201390056520170124110203.0 aB-061291 c250.00a8120318412 aB-061291 bCen Lib/Ret aDPLbEN a004.64bGHO aGhosh, Sumit936645 aHardware description languages : cby Sumit Ghoshbconcepts and principles / aNew DelhibPrintice-Hall of Indiac2000 aM-97, Cannaught CircusbNew Delhie110001 axxii,329p. :c24cm (Hb)b1ll. aIEEE Press series on microelectronic systems aIncludes bibliographical references and index  aComputer hardware description languages936646 aComputer hardware936647 2ddccENh004.64mGHO c133049d133049 00104070aLbLd2015-07-24eCen Lib/Retg250.00l1o004.64 GHOpB-061291r2017-08-12 00:00:00s2017-07-31t1v250.00w2015-07-24yEN